[Event "Haarlem Nova College op 1st"]
[Site "Haarlem"]
[Date "2002.07.07"]
[Round "6"]
[White "Gurevich, David"]
[Black "Veerman, Jan"]
[Result "1-0"]
[WhiteElo "2073"]
[BlackElo "1821"]
[PlyCount "101"]
[EventDate "2002.07.05"]
[EventType "swiss"]
[EventRounds "6"]
[EventCountry "NED"]
[SourceTitle "CBM 089 Extra"]
[Source "ChessBase"]
[SourceDate "2002.09.10"]
[SourceVersion "2"]
[SourceVersionDate "2002.09.10"]
[SourceQuality "1"]

1. e4 c5 2. Nf3 d6 3. Bb5+ Bd7 4. Bxd7+ Nxd7 5. 0-0 Ngf6 6. Re1 g6 7. d4 cxd4 8. Nxd4 Bg7 9. c3 0-0 10. Nd2 Ne5 11. Qe2 Qb6 12. h3 d5 13. exd5 Nxd5 14. N2f3 Nxf3+ 15. Nxf3 e6 16. Ne5 Rad8 17. Ng4 a6 18. Bg5 Rc8 19. Rad1 Qc5 20. Bc1 Qc4 21. Qxc4 Rxc4 22. Ne3 Nxe3 23. Bxe3 Rfc8 24. Rd7 b5 25. Red1 h5 26. Rd8+ Kh7 27. Rxc8 Rxc8 28. Rd6 Ra8 29. Rd7 Kg8 30. Kf1 Bf6 31. Ke2 Kf8 32. Bc5+ Ke8 33. Rc7 Bd8 34. Rb7 Rc8 35. Bd4 Rc7 36. Rb8 Kd7 37. Kd3 Rc6 38. b3 Rd6 39. Kc2 Bc7 40. Rf8 Ke7 41. Ra8 Kd7 42. Be5 Rb6 43. Ra7 Rc6 44. Bxc7 Rxc7 45. Rxa6 Rb7 46. a4 bxa4 47. Rxa4 Kd6 48. c4 e5 49. Ra6+ Kc5 50. Kc3 Rb6 51. Ra5+ 1-0

[Event "Haarlem Nova College op 1st"]
[Site "Haarlem"]
[Date "2002.07.06"]
[Round "3"]
[White "Roosink, Henk"]
[Black "Gurevich, David"]
[Result "0-1"]
[WhiteElo "1517"]
[BlackElo "2073"]
[PlyCount "50"]
[EventDate "2002.07.05"]
[EventType "swiss"]
[EventRounds "6"]
[EventCountry "NED"]
[SourceTitle "CBM 089 Extra"]
[Source "ChessBase"]
[SourceDate "2002.09.10"]
[SourceVersion "2"]
[SourceVersionDate "2002.09.10"]
[SourceQuality "1"]

1. e4 c5 2. c3 Nf6 3. e5 Nd5 4. d4 cxd4 5. cxd4 d6 6. Bb5+ Nc6 7. Nf3 Qa5+ 8. Nc3 Nxc3 9. Bxc6+ bxc6 10. Qd2 Bg4 11. Qxc3 Qxc3+ 12. bxc3 Bxf3 13. gxf3 dxe5 14. dxe5 Rb8 15. Be3 Rb5 16. f4 e6 17. Bxa7 Ba3 18. Ke2 Bb2 19. c4 Ra5 20. Rhb1 Bxa1 21. Rb8+ Kd7 22. Rb7+ Kc8 23. Rb8+ Kc7 24. Bb6+ Kxb8 25. Bxa5 Kb7 0-1